| 000 | 00900nam a22002417a 4500 | ||
|---|---|---|---|
| 005 | 20250328043012.0 | ||
| 008 | 250328b |||||||| |||| 00| 0 eng d | ||
| 020 | _a9781032605029 | ||
| 040 | _cAIMIT LIBRARY | ||
| 082 |
_21 _a658.4012 _bHURJ |
||
| 100 |
_aHurwitz, Judith. _9207027 |
||
| 245 |
_aAugmented intelligence : _bbusiness power of human machine collaboration / _cBy Judith Hurwitz...[et.al]. |
||
| 250 | _a1st ed. | ||
| 260 |
_aNew York : _bCRC Press ; _c2021. |
||
| 300 |
_axxvii,141p. ; _bPB _c23 cm. |
||
| 650 |
_aBuilding models to support augmented intelligence _9207028 |
||
| 650 |
_aAugmented intelligence in a business process _9207029 |
||
| 650 |
_aGetting started on your journey to augmented intelligence _9207030 |
||
| 700 |
_aMorris, Henry. _9207031 |
||
| 700 |
_aSidner, Candace. _9207032 |
||
| 700 |
_aKirsch, Daniel. _9207033 |
||
| 942 |
_2ddc _cBK _e1st ed. _k658.4012 HURJ |
||
| 999 |
_c234025 _d234025 |
||